<?xml version="1.0" encoding="UTF-8"?>
<record
    xmlns:xsi="http://www.w3.org/2001/XMLSchema-instance"
    xsi:schemaLocation="http://www.loc.gov/MARC21/slim http://www.loc.gov/standards/marcxml/schema/MARC21slim.xsd"
    xmlns="http://www.loc.gov/MARC21/slim">

  <leader>02770nam#a2200325   4500</leader>
  <datafield tag="999" ind1=" " ind2=" ">
    <subfield code="c">107228</subfield>
    <subfield code="d">107228</subfield>
  </datafield>
  <controlfield tag="001">9786074423105</controlfield>
  <controlfield tag="003">DR-UNIBE</controlfield>
  <controlfield tag="005">20240503084511.0</controlfield>
  <controlfield tag="007">cr nn 008mamaa</controlfield>
  <controlfield tag="008">170127s2009    mx      s         0 spa d</controlfield>
  <datafield tag="020" ind1=" " ind2=" ">
    <subfield code="a">9786074423105</subfield>
  </datafield>
  <datafield tag="020" ind1=" " ind2=" ">
    <subfield code="a">9786074423167 (electr&#xF3;nico).</subfield>
  </datafield>
  <datafield tag="040" ind1=" " ind2=" ">
    <subfield code="a">BIBLIOTECA UNIBE</subfield>
    <subfield code="c">BIBLIOTECA UNIBE</subfield>
  </datafield>
  <datafield tag="041" ind1=" " ind2=" ">
    <subfield code="a">spa</subfield>
  </datafield>
  <datafield tag="100" ind1="1" ind2=" ">
    <subfield code="a">Craig, Grace J. </subfield>
    <subfield code="e">autor</subfield>
    <subfield code="9">111240</subfield>
  </datafield>
  <datafield tag="100" ind1="1" ind2=" ">
    <subfield code="a">Baucum, Don</subfield>
    <subfield code="e">autor</subfield>
    <subfield code="9">99280</subfield>
  </datafield>
  <datafield tag="245" ind1="1" ind2="0">
    <subfield code="a">Desarrollo psicol&#xF3;gico</subfield>
  </datafield>
  <datafield tag="250" ind1=" " ind2=" ">
    <subfield code="a">Novena edici&#xF3;n</subfield>
  </datafield>
  <datafield tag="260" ind1=" " ind2=" ">
    <subfield code="a">Naucalpan de Ju&#xE1;rez, M&#xE9;xico :</subfield>
    <subfield code="b">Pearson Educaci&#xF3;n,</subfield>
    <subfield code="c">2009</subfield>
  </datafield>
  <datafield tag="300" ind1=" " ind2=" ">
    <subfield code="a">725 p&#xE1;ginas</subfield>
  </datafield>
  <datafield tag="500" ind1=" " ind2=" ">
    <subfield code="a">Recurso en l&#xED;nea:
Disponible para miembros de UNIBE a trav&#xE9;s del portal web del CRAI: https://www.unibe.edu.do/biblioteca/libros-electronicos/</subfield>
  </datafield>
  <datafield tag="505" ind1=" " ind2=" ">
    <subfield code="a">1. Teor&#xED;as y m&#xE9;todos de investigaci&#xF3;n |
2. Desarrollo prenatal y parto |
3. Herencia y ambiente |
4. Ni&#xF1;ez |
5. Desarrollo de la personalidad y socializaci&#xF3;n en la infancia |
6. El preescolar: desarrollos f&#xED;sico, cognoscitivo y ling&#xFC;&#xED;stico |
7. El preescolar: desarrollo de la personalidad y socializaci&#xF3;n |
8. Ni&#xF1;ez media y ni&#xF1;os en edad escolar: desarrollos f&#xED;sico y cognoscitivo |
9. Ni&#xF1;ez media y ni&#xF1;os en edad escolar: desarrollo de la personalidad y socializaci&#xF3;n |
10. Adolescencia: desarrollos f&#xED;sico y cognoscitivo |
11. Adolescencia: desarrollo de la personalidad y socializaci&#xF3;n |
12. Juventud: desarrollos f&#xED;sico y cognoscitivo |
13. Juventud: desarrollo de la personalidad y socializaci&#xF3;n |
14. Adultos de edad madura: desarrollos f&#xED;sico y cognoscitivo |
15. Madurez: desarrollo de la personalidad y socializaci&#xF3;n |
16. La vejez: desarrollos f&#xED;sico y cognoscitivo |
17. La vejez: desarrollo de la personalidad y socializaci&#xF3;n |
18. La muerte y el proceso de morir |
</subfield>
  </datafield>
  <datafield tag="520" ind1=" " ind2=" ">
    <subfield code="a">En cualquier ambiente cultural, la historia de la vida humana es un drama rico y trayente. El estudio sistem&#xE1;tico del desarrollo humano dentro de su contexto constituye un reto para estudiantes e investigadores por igual. Este libro utiliza varias disciplinas (psicolog&#xED;a del desarrollo, sociolog&#xED;a, antropolog&#xED;a, historia, enfermer&#xED;a, medicina y salud p&#xFA;blica, por citar algunas) para exponer en forma actualizada los principales temas, problemas y controversias en el estudio del desarrollo a lo largo del ciclo vital.</subfield>
  </datafield>
  <datafield tag="650" ind1=" " ind2=" ">
    <subfield code="a">Psicolog&#xED;a </subfield>
    <subfield code="x">Desarrollo</subfield>
    <subfield code="x">Aspectos psicol&#xF3;gicos</subfield>
    <subfield code="9">179194</subfield>
  </datafield>
  <datafield tag="650" ind1=" " ind2=" ">
    <subfield code="a">Psicolog&#xED;a </subfield>
    <subfield code="x">Personalidad</subfield>
    <subfield code="v">Estad&#xED;stica</subfield>
    <subfield code="9">179195</subfield>
  </datafield>
  <datafield tag="650" ind1=" " ind2=" ">
    <subfield code="a">Desarrollo humano</subfield>
    <subfield code="9">99281</subfield>
  </datafield>
  <datafield tag="655" ind1=" " ind2=" ">
    <subfield code="a"> Recurso electr&#xF3;nico </subfield>
    <subfield code="9">42681</subfield>
  </datafield>
  <datafield tag="856" ind1="4" ind2="0">
    <subfield code="u">https://ezproxy.unibe.edu.do/login?url=https://bc.vitalsource.com/tenants/unibewolterskluwerhealth/libraries?bookmeta_vbid=9786074423105</subfield>
  </datafield>
  <datafield tag="942" ind1=" " ind2=" ">
    <subfield code="2">ddc</subfield>
    <subfield code="c">EB</subfield>
  </datafield>
  <datafield tag="952" ind1=" " ind2=" ">
    <subfield code="0">0</subfield>
    <subfield code="1">0</subfield>
    <subfield code="2">ddc</subfield>
    <subfield code="7">0</subfield>
    <subfield code="8">eTEXT</subfield>
    <subfield code="a">Principal</subfield>
    <subfield code="d">2020-10-19</subfield>
    <subfield code="l">0</subfield>
    <subfield code="p">EB0124</subfield>
    <subfield code="r">2020-10-19 00:00:00</subfield>
    <subfield code="w">2020-10-19</subfield>
    <subfield code="y">EB</subfield>
    <subfield code="z">Ilimitado</subfield>
  </datafield>
</record>
